DAFTAR istilah dalam bidang-bidang am, kewangan dan data prosesan automatik .

Bibliographic Details
Format: Book
Published: Kuala Lumpur : Kementerian Kewangan , 1981
Subjects:

MARC

LEADER 00000cam a2200000 7i4500
001 0000001970
005 20020717.0
090 0 0 |a 332.03   |b DAF 1981 
245 0 0 |a DAFTAR istilah dalam bidang-bidang am, kewangan dan data prosesan automatik .   |l glossary of terms : general and financial 
260 0 0 |a Kuala Lumpur :   |b Kementerian Kewangan ,   |c 1981 
300 |a 234 p. ;   |c 25 cm. 
650 0 0 |a Finance   |x Dictionaries 
650 0 0 |a Financial statements   |x Dictionaries 
998 |a JPSM 
999 |a 0000003374   |b Monograph   |c Open Shelf   |e Default branch 
999 |a 0000003375   |b Monograph   |c Open Shelf   |e Default branch 
999 |a 0000003376   |b Monograph   |c Reference   |e Default branch